00366nam a2200133Ia 4500008004100000020001500041041000800056082001800064100002200082245007700104250000600181260003500187300001000222210716s1999 xx 000 0 und d a0139171649 aeng a332.6322 HAUR aHaugen, Robert A. aInefficient stock market: what pays off and why.bWhat pays off and why. a1 aUSAbPrentice Hall Indiac1999 ax,150